Ardilla : (Registro nro. 60617)

Detalles MARC
000 -CABECERA
Longitud fija campo de control 01250cam a2200385 a 4500
003 - IDENTIFICADOR DEL NUMERO DE CONTROL
Identificador del número de control CO-BoRNBP
005 - FECHA Y HORA DE LA ULTIMA TRANSACCION
Fecha y hora de la última transacción 20260225163315.0
007 - CAMPO FIJO DE DESCRIPCION FISICA
Campo fijo de descripción física t
008 - CODIGOS DE INFORMACION DE LONGITUD FIJA
Códigos de información de longitud fija 010823s20011998mx a jr 00011 spa d
020 ## - NUMERO INTERNACIONAL NORMALIZADO PARA LIBROS
Número Internacional Normalizado para Libros (ISBN) 9681655397
040 ## - FUENTE DE LA CATALOGACION
Centro catalogador de origen CO-BoBLA
Lengua de catalogación spa
Centro modificado CO-BoBLA
Normas de descripción rda
Centro transcriptor CO-BoRNBP
041 ## - CODIGO DE LENGUA
Código de lengua del texto/banda sonora o título independiente spa
Código de lengua original eng
043 ## - CODIGO DE AREA GEOGRAFICA
Código de área geográfica a-ja---
082 04 - NUMERO DE LA CLASIFICACION DECIMAL DEWEY
Número de clasificación (R) I895.65
Número del ítem K47a
Número de edición 19 ed.
084 ## - Clasificación Local Alfanúmerica PNLB
Número de clasificación C KIT3
100 1# - PUNTO DE ACCESO PRINCIPAL-NOMBRE DE PERSONA
Nombre de persona Kitamura, Satoshi,
Fechas asociadas al nombre 1956-
245 10 - TITULO PROPIAMENTE DICHO
Título Ardilla :
Resto del título tiene hambre /
Mención de responsabilidad, etc. Satoshi Kitamura ; traducción de Odette Smith.
250 ## - MENCION DE EDICION
Mención de edición Primera edición
264 ## - PRODUCCION, PUBLICACION , DISTRIBUCION, FABRICACION Y COPYRIGHT
Lugar de producción, publicación, distribución, fabricación México D.F :
Nombre del productor, editor, distribuidor, fabricante Fondo de Cultura Económica,
Fecha de de producción, publicación, distribución, fabricación o copyright 2001.
300 ## - DESCRIPCION FISICA
Extensión [14] páginas:
Otras características físicas ilustraciones ;
Dimensiones 16 cm.
336 ## - TIPO DE CONTENIDO
Término de tipo de contenido text
Código de tipo de contenido txt
Fuente rdacontent
337 ## - TIPO DE MEDIO
Nombre del tipo de medio unmediated
Código del tipo de medio n
Fuente rdamedia
338 ## - TIPO DE SOPORTE
Nombre del tipo de soporte volume
Código del tipo de soporte nc
Fuente rdacarrier
534 ## - Nota De Versión Original
Título Squirrel is hungry.
650 #7 - PUNTO DE ACCESO ADICIONAL DE MATERIA - TERMINO DE MATERIA
Término de materia o nombre geográfico como elemento inicial Animales
Subdivisión de forma Cuentos infantiles.
Fuente del encabezamiento BLAAUTO
650 #7 - PUNTO DE ACCESO ADICIONAL DE MATERIA - TERMINO DE MATERIA
Término de materia o nombre geográfico como elemento inicial Ardillas
Subdivisión de forma Cuentos infantiles.
Fuente del encabezamiento BLAAUTO
650 #7 - PUNTO DE ACCESO ADICIONAL DE MATERIA - TERMINO DE MATERIA
Término de materia o nombre geográfico como elemento inicial Cuentos infantiles japoneses.
Fuente del encabezamiento BLAAUTO
700 1# - PUNTO DE ACCESO ADICIONAL - NOMBRE DE PERSONA
Nombre de persona Smith, Odette,
Término indicativo de función traductor.
830 #0 - PUNTO DE ACCESO ADICIONAL DE SERIE - TITULO UNIFORME
Título uniforme Embajada de México-Colección 1.
830 #0 - PUNTO DE ACCESO ADICIONAL DE SERIE - TITULO UNIFORME
Título uniforme Lista Básica-Bibliotécas Públicas 1.
942 ## - ENTRADA DE ELEMENTOS AGREGADOS (KOHA)
Fuente de clasificaión o esquema Dewey Decimal Classification
Koha [por defecto] tipo de item LIbro
949 ## - TRATAMIENTO DE LA INFORMACION LOCAL (OCLC)
a n
b n
960 ## - LOCALIZACION FISICA (RLIN)
Localización f&íacute;sica, PLOC (RLIN) Normalizados-2025
Existencias
Perdido Fuente de clasificación o esquema Estado Físico No para préstamo Forma de adquisición Localización permanente Localización actual Localización en estanterías Fecha adquisición Préstamos totales Signatura completa Código de barras Fecha última consulta Número de copia Fecha del precio de reemplazo Tipo de item de Koha
  Dewey Decimal Classification     Infantil Biblioteca Pública San Juan de Arama - Concepción de Arama Biblioteca Pública San Juan de Arama - Concepción de Arama Sala Infantil 02/25/2026   C KIT1 SJA01434 02/25/2026 Ej.1 02/25/2026 Literatura Infantil









Instituto Departamental de Cultura del Meta - Red Departamental de Bibliotecas Públicas del Meta.